| 000 | 00678nam a2200217Ii 4500 | ||
|---|---|---|---|
| 001 | 1862 | ||
| 003 | CO-ViMGA | ||
| 008 | 241108s9999||||xx |||||||||||||| ||und|| | ||
| 020 | _a9586832031 | ||
| 040 |
_aCO-ViMGA _bspa _erda _cCO-ViMGA |
||
| 041 | 0 | _aspa | |
| 082 | 0 | 4 | _a658.404 C11f |
| 100 | 1 |
_aMaría Fernanda Cabal Escandón _950165 |
|
| 245 | 1 | 0 | _aFormulación y evaluación de proyectos |
| 264 | 1 | _a[Lugar de publicación no identificado] : Pontificia Universidad Javeriana, 2003 | |
| 300 | _avolumen | ||
| 336 |
_atext _btxt _2rdacontent |
||
| 337 |
_aunmediated _bn _2rdamedia |
||
| 338 |
_avolume _bnc _2rdacarrier |
||
| 940 | _aidficha_siabuc: 1822. -- ficha_no_siabuc:1862 | ||
| 999 |
_c44847 _d44847 |
||